Water Distribution Systems (Record no. 14608)
[ view plain ]
| 000 -LEADER | |
|---|---|
| fixed length control field | 00321nam a22001337a 4500 |
| 020 ## - INTERNATIONAL STANDARD BOOK NUMBER | |
| ISBN | 9780727741127 |
| 082 ## - DEWEY DECIMAL CLASSIFICATION NUMBER | |
| Classification number | 628.144 |
| Item number | SAV/WA |
| 245 ## - TITLE STATEMENT | |
| Title | Water Distribution Systems |
| 260 ## - PUBLICATION, DISTRIBUTION, ETC. (IMPRINT) | |
| Place of publication | London |
| Name of publisher | ICE Publishing |
| Year of publication | 2014 |
| 300 ## - PHYSICAL DESCRIPTION | |
| Number of Pages | 342 |
| 700 ## - ADDED ENTRY--PERSONAL NAME | |
| Personal name | Savic,Dragan A. |
| 700 ## - ADDED ENTRY--PERSONAL NAME | |
| Personal name | Banyard,John K. |
| 942 ## - ADDED ENTRY ELEMENTS (KOHA) | |
| Koha item type | Books |
| Withdrawn status | Lost status | Damaged status | Collection code | Home library | Current library | Shelving location | Date acquired | Source of acquisition | Cost, normal purchase price | Full call number | Accession Number | Koha item type |
|---|---|---|---|---|---|---|---|---|---|---|---|---|
| KAUAET | KAUAET | General Stacks | 20/07/2016 | Dream Tech, Trivandrum | 8551.00 | 628.144 SAV/WA | 24789 | Books |
